| 000 | 00506nam a2200181Ia 4500 | ||
|---|---|---|---|
| 003 | OSt | ||
| 005 | 20200727123356.0 | ||
| 008 | 190216s9999||||xx |||||||||||||| ||und|| | ||
| 020 | _a9788173194436 | ||
| 040 | _coclc | ||
| 082 |
_a514.322 _bPAL/F |
||
| 100 |
_aPalaniappan, N _93780 |
||
| 245 | 0 |
_aFuzzy Topology / _cN Palaniappan |
|
| 260 |
_bNarosa Pubs House, _c2002. _aNew Delhi: |
||
| 300 | _a179p | ||
| 650 | _aMathematics | ||
| 942 |
_cBK _2ddc _h514.322 _iPAL/F _k514.322 _mPAL/F |
||
| 999 |
_c31724 _d31724 |
||